National Assembly Library of Thailand

วารสารวิชาการ คณะนิติศาสตร์ มหาวิทยาลัยหอการค้าไทย (ระเบียนเลขที่ 97868)

รายละเอียดในรูปแบบ MARC
000 -LEADER
fixed length control field 00651nas a22001817a 4500
003 - CONTROL NUMBER IDENTIFIER
control field NALT
005 - DATE AND TIME OF LATEST TRANSACTION
control field 20201224134528.0
008 - FIXED-LENGTH DATA ELEMENTS--GENERAL INFORMATION
fixed length control field 201224b th ||||| |||| 00| 0 tha d
022 ## - INTERNATIONAL STANDARD SERIAL NUMBER
International Standard Serial Number 22291105 (Online)
040 ## - CATALOGING SOURCE
Original cataloging agency NALT
041 ## - LANGUAGE CODE
Language code of text/sound track or separate title tha
245 ## - TITLE STATEMENT
Title วารสารวิชาการ คณะนิติศาสตร์ มหาวิทยาลัยหอการค้าไทย
500 ## - GENERAL NOTE
General note วารสารอิเล็กทรอนิกส์
850 ## - HOLDING INSTITUTION
Holding institution NALT
856 ## - ELECTRONIC LOCATION AND ACCESS
Uniform Resource Identifier <a href="http://utcc2.utcc.ac.th/lawjournal/journal.php">http://utcc2.utcc.ac.th/lawjournal/journal.php</a>
942 ## - ADDED ENTRY ELEMENTS (KOHA)
Koha item type Journal/Magazine
Source of classification or shelving scheme Library of Congress Classification
998 ## - STAFF NAME (NALT)
-- 755
-- จินตนา เอี่ยมคง

ไม่มีตัวเล่มให้บริการ

หอสมุดรัฐสภา
สำนักงานเลขาธิการสภาผู้แทนราษฎร เลขที่ 1111 ถนนสามเสน แขวงถนนนครไชยศรี เขตดุสิต กรุงเทพฯ 10300
The Secretariat of the House of Representatives 1111 Samsen Road, Thanon Nakhon Chai Si, Dusit, Bangkok 10300, THAILAND
โทรศัพท์: +66(0) 2242 5900 ต่อ 5714-5 โทรสาร: +66(0) 2242 5990 อีเมล: [email protected]